000 00461nam a2200169 i 4500
001 32755
003 ES-MaACL
005 20230906154629.0
007 t|
008 030131s1946 fr ||||1| fre d
100 1 _aBenouville, Guillain de.
_927766
245 1 3 _aLe sacrifice du matin /
_cGuillain de Benouville.
250 _a23ème ed.
260 _aParis :
_bRobert Laffont,
_c[1946]
300 _a607 p. ;
_c19 cm.
852 _aES-MaACL
_jB-10662
_bR.22572
999 _c32755
_d32755